Consultation on river basin planning (Record no. 104922)

MARC details
000 -LEADER
fixed length control field 01298cam a2200217 4500
001 - CONTROL NUMBER
control field ##L131953
008 - FIXED-LENGTH DATA ELEMENTS--GENERAL INFORMATION
fixed length control field 051219n2005 000 0 eng u
035 ## - SYSTEM CONTROL NUMBER
System control number (Sirsi) u131953
050 04 - LIBRARY OF CONGRESS CALL NUMBER
Classification number 627.1 $2 18
110 1# - MAIN ENTRY--CORPORATE NAME
Corporate name or jurisdiction name as entry element United Kingdom
Subordinate unit Department for Environment, Food and Rural Affairs
245 ## - TITLE STATEMENT
Title Consultation on river basin planning
260 ## - PUBLICATION, DISTRIBUTION, ETC.
Place of publication, distribution, etc. London
Name of publisher, distributor, etc. DEFRA
Date of publication, distribution, etc. 2005
520 ## - SUMMARY, ETC.
Summary, etc. This consultation paper relating to the water framework directive (Directive 200/60/EC) contains draft guidance which when finalised will be statutory guidance from the SoS and the National Assembly for Wales to the Environment Agency. The Directive, which establishes a framework for Community action in the field of water policy, will affect a wide range of stakeholders. Their advice and assistance is sought to help develop the guidance's content. Responses are required by 7 March 2006.
520 ## - SUMMARY, ETC.
Summary, etc. Item not found when searched for on DEFRA website 12/9/2011.
590 ## - LOCAL NOTE (RLIN)
Local note IKA030106
650 24 - SUBJECT ADDED ENTRY--TOPICAL TERM
Topical term or geographic name entry element DIRECTIVE 2000/60/EC
690 ## - LOCAL SUBJECT ADDED ENTRY--TOPICAL TERM (OCLC, RLIN)
Topical term or geographic name as entry element ENVIRONMENTAL AND LAND CONSULTANCY-WATER RESOURCE MANAGEMENT
710 1# - ADDED ENTRY--CORPORATE NAME
Corporate name or jurisdiction name as entry element Wales
Subordinate unit National Assembly for Wales
9 (RLIN) 4836
856 40 - ELECTRONIC LOCATION AND ACCESS
Uniform Resource Identifier <a href="https://www.defra.gov.uk/corporate/consult/wfd/index.htm">https://www.defra.gov.uk/corporate/consult/wfd/index.htm</a>
Public note View the consultation free of charge at www.defra.gov.uk...
942 ## - ADDED ENTRY ELEMENTS (KOHA)
Suppress in OPAC 0
Holdings
Withdrawn status Lost status Source of classification or shelving scheme Damaged status Not for loan Home library Current library Shelving location Date acquired Total Checkouts Full call number Barcode Date last seen Copy number Price effective from Koha item type
    Dewey Decimal Classification     Virtual Virtual Online 19/12/2005   ONLINE PUBLICATION 131953-2001 06/08/2019 1 06/08/2019 Book